MARC details
| 000 -LEADER |
| campo de control de longitud fija |
04438cam a2200529 a 4500 |
| 001 - NÚMERO DE CONTROL |
| campo de control |
124457 |
| 003 - IDENTIFICADOR DE NÚMERO DE CONTROL |
| campo de control |
BJBSDDR |
| 005 - FECHA Y HORA DE LA ÚLTIMA TRANSACCIÓN |
| campo de control |
20240222185439.0 |
| 007 - CAMPO FIJO DE DESCRIPCIÓN FÍSICA--INFORMACIÓN GENERAL |
| campo de control de longitud fija |
ta |
| 008 - DATOS DE LONGITUD FIJA--INFORMACIÓN GENERAL |
| campo de control de longitud fija |
150506s2014 nyu b 000 0 eng d |
| 010 ## - NÚMERO DE CONTROL DE LA BIBLIOTECA DEL CONGRESO |
| Número de control de LC |
2015303112 |
| 020 ## - NÚMERO INTERNACIONAL ESTÁNDAR DEL LIBRO |
| Número Internacional Estándar del Libro |
9780062316578 |
| 020 ## - NÚMERO INTERNACIONAL ESTÁNDAR DEL LIBRO |
| Número Internacional Estándar del Libro |
0062316575 |
| 035 ## - NÚMERO DE CONTROL DEL SISTEMA |
| Número de control de sistema |
(OCoLC)ocn889890219 |
| 040 ## - FUENTE DE CATALOGACIÓN |
| Centro catalogador/agencia de origen |
TOH |
| Lengua de catalogación |
eng |
| Centro/agencia transcriptor |
TOH |
| Centro/agencia modificador |
JQM |
| -- |
BKL |
| -- |
YDXCP |
| -- |
IEP |
| -- |
OCLCQ |
| -- |
CLE |
| -- |
CHVBK |
| -- |
OCLCF |
| -- |
OCL |
| -- |
DLC |
| 041 ## - CÓDIGO DE IDIOMA |
| Código de lengua del texto/banda sonora o título independiente |
eng |
| 042 ## - CÓDIGO DE AUTENTICACIÓN |
| Código de autenticación |
lccopycat |
| 043 ## - CÓDIGO DE ÁREA GEOGRÁFICA |
| Código de área geográfica |
a-cc--- |
| 050 14 - SIGNATURA TOPOGRÁFICA DE LA BIBLIOTECA DEL CONGRESO |
| Número de clasificación |
HF 3836.5 |
| Número de ítem |
C641c 2014 |
| 082 00 - NÚMERO DE LA CLASIFICACIÓN DECIMAL DEWEY |
| Número de clasificación |
338.0951 |
| 100 1# - ENTRADA PRINCIPAL--NOMBRE DE PERSONA |
| Nombre de persona |
Clissold, Tim, |
| Fechas asociadas al nombre |
1960- |
| 9 (RLIN) |
34558 |
| 245 10 - MENCIÓN DEL TÍTULO |
| Título |
Chinese Rules : |
| Resto del título |
Mao's dog, Deng's cat, and five timeless lessons from the front lines in China / |
| Mención de responsabilidad, etc. |
Tim Clissold. |
| 260 ## - PUBLICACIÓN, DISTRIBUCIÓN, ETC. |
| Lugar de publicación, distribución, etc. |
New York : |
| Nombre del editor, distribuidor, etc. |
Harper, |
| Fecha de publicación, distribución, etc. |
c2014. |
| 300 ## - DESCRIPCIÓN FÍSICA |
| Extensión |
x, 256 pages ; |
| Dimensiones |
24 cm |
| 504 ## - NOTA DE BIBLIOGRAFÍA, ETC. |
| Nota de bibliografía, etc. |
Includes bibliographical references (p. 251-253). |
| 505 0# - NOTA DE CONTENIDO CON FORMATO |
| Nota de contenido con formato |
Even a beast like a thousand-pound ox must lower its head to drink -- A tree may grow to a thousand feet, but the leaves still return to their roots -- When the horse has reached the edge of the cliff, it's too late to draw on the reins -- Up in the sky there is paradise, but down on the Earth we have Hangzhou -- The first Chinese rule: how can we go so far as to change the regulations of the Celestial Empire at the request of one man? -- Sacrifice the plum tree in order to save the peach -- The second Chinese rule: the long-divided shall unite, the long-united shall divide -- Learn from the past; seek truth from facts -- The flowers on a liverwort may be as small as a grain of rice, but they still want to blossom like a peony -- The third Chinese rule: the art of war is of vital importance for the state and should on no account be neglected -- When Master Jiang hangs out his hook, it's the willing fish that gets caught -- Kill with borrowed knife -- The fourth Chinese rule: cross the river by feeling for the stones -- Who could say it was gain or loss when the old man lost his horse? -- The fifth Chinese rule: know yourself and know the other and you'll survive a hundred battles. |
| 520 ## - RESUMEN, ETC. |
| Sumario, etc. |
From the author of the acclaimed 'Mr China' comes another rip-roaring adventure story - part memoir, part history, part business imbroglio - that offers valuable lessons to help Westerners understand China. |
| 520 ## - RESUMEN, ETC. |
| Sumario, etc. |
In the twenty-first century, the world has tilted eastwards in its orbit; China grows confident while the West seems mired in doubt. Having lived and worked in China for more than two decades, Tim Clissold explains the secrets that Westerners can use to navigate through its cultural and political maze. Picking up where he left off in the international bestseller Mr. China, Chinese Rules chronicles his most recent exploits, with assorted Chinese bureaucrats, factory owners, and local characters building a climate change business in China. Of course, all does not go as planned as he finds himself caught between the world's largest carbon emitter and the world's richest man. Clissold offers entertaining and enlightening anecdotes of the absurdities, gaffes, and mysteries he encountered along the way. Sprinkled amid surreal scenes of cultural confusion and near misses, are smart myth-busting insights and practical lessons Westerns can use to succeed in China. Exploring key episodes in that nation's long political, military, and cultural history, Clissold outlines five Chinese Rules, which anyone can deploy in on-the-ground situations with modern Chinese counterparts. These Chinese rules will enable foreigners not only to cooperate with China but also to compete with it on its own terms. |
| 650 #0 - PUNTO DE ACCESO ADICIONAL DE MATERIA--TÉRMINO DE MATERIA |
| Término de materia o nombre geográfico como elemento de entrada |
National characteristics, Chinese. |
| 650 #0 - PUNTO DE ACCESO ADICIONAL DE MATERIA--TÉRMINO DE MATERIA |
| Término de materia o nombre geográfico como elemento de entrada |
Business enterprises |
| Subdivisión geográfica |
China. |
| 650 #0 - PUNTO DE ACCESO ADICIONAL DE MATERIA--TÉRMINO DE MATERIA |
| Término de materia o nombre geográfico como elemento de entrada |
Investments, Foreign |
| Subdivisión geográfica |
China. |
| 650 #0 - PUNTO DE ACCESO ADICIONAL DE MATERIA--TÉRMINO DE MATERIA |
| Término de materia o nombre geográfico como elemento de entrada |
Success in business |
| Subdivisión geográfica |
China. |
| 650 #0 - PUNTO DE ACCESO ADICIONAL DE MATERIA--TÉRMINO DE MATERIA |
| Término de materia o nombre geográfico como elemento de entrada |
Business etiquette |
| Subdivisión geográfica |
China. |
| 650 #0 - PUNTO DE ACCESO ADICIONAL DE MATERIA--TÉRMINO DE MATERIA |
| Término de materia o nombre geográfico como elemento de entrada |
Management |
| Subdivisión geográfica |
China. |
| 650 #0 - PUNTO DE ACCESO ADICIONAL DE MATERIA--TÉRMINO DE MATERIA |
| Término de materia o nombre geográfico como elemento de entrada |
Corporate culture |
| Subdivisión geográfica |
China. |
| 650 #0 - PUNTO DE ACCESO ADICIONAL DE MATERIA--TÉRMINO DE MATERIA |
| Término de materia o nombre geográfico como elemento de entrada |
Businesspeople |
| Subdivisión geográfica |
China |
| Subdivisión general |
Psychology. |
| 650 #0 - PUNTO DE ACCESO ADICIONAL DE MATERIA--TÉRMINO DE MATERIA |
| Término de materia o nombre geográfico como elemento de entrada |
International business enterprises |
| Subdivisión geográfica |
China. |
| 650 #0 - PUNTO DE ACCESO ADICIONAL DE MATERIA--TÉRMINO DE MATERIA |
| Término de materia o nombre geográfico como elemento de entrada |
Corporations, Foreign |
| Subdivisión geográfica |
China. |
| 650 #4 - PUNTO DE ACCESO ADICIONAL DE MATERIA--TÉRMINO DE MATERIA |
| Término de materia o nombre geográfico como elemento de entrada |
Empresas comerciales |
| 9 (RLIN) |
4341 |
| Subdivisión geográfica |
China |
| 650 #4 - PUNTO DE ACCESO ADICIONAL DE MATERIA--TÉRMINO DE MATERIA |
| Término de materia o nombre geográfico como elemento de entrada |
Inversiones extranjeras |
| 9 (RLIN) |
647 |
| Subdivisión geográfica |
China |
| 650 #4 - PUNTO DE ACCESO ADICIONAL DE MATERIA--TÉRMINO DE MATERIA |
| Término de materia o nombre geográfico como elemento de entrada |
Cultura corporativa |
| Subdivisión geográfica |
China |
| 9 (RLIN) |
3106 |
| 651 #0 - PUNTO DE ACCESO ADICIONAL DE MATERIA--NOMBRE GEOGRÁFICO |
| Nombre geográfico |
China |
| Subdivisión general |
Social life and customs. |
| 651 #4 - PUNTO DE ACCESO ADICIONAL DE MATERIA--NOMBRE GEOGRÁFICO |
| Nombre geográfico |
China |
| Subdivisión general |
Vida social y costumbres |
| 9 (RLIN) |
34560 |
| 651 #4 - PUNTO DE ACCESO ADICIONAL DE MATERIA--NOMBRE GEOGRÁFICO |
| Nombre geográfico |
China |
| Subdivisión general |
Características nacionales |
| 9 (RLIN) |
34559 |
| 942 ## - ELEMENTOS DE ENTRADA SECUNDARIOS (KOHA) |
| Fuente del sistema de clasificación o colocación |
Clasificación de Library of Congress |
| Tipo de ítem Koha |
Libro |
| 946 ## - PROCESAMIENTO DE INFORMACIÓN LOCAL (OCLC) |
| a |
lmd |